[Event "62.HEM 2008, Gruppe C"]
[Site "Hanau"]
[Date "2008.03.21"]
[Round "5.1"]
[White "Eg, Karlheinz"]
[Black "Rack, Matthias"]
[Result "1-0"]
[WhiteElo "2090"]
[BlackElo "2051"]
[PlyCount "68"]
[EventDate "2008.??.??"]

1. e4 d5 2. d4 dxe4 3. Nc3 Nf6 4. f3 exf3 5. Nxf3 Bg4 6. Bd3 e6 7. O-O c6 8.
Be3 Nbd7 9. Qd2 Bd6 10. Rae1 Qc7 11. h3 Bh5 12. Ne2 Nd5 13. Bg5 h6 14. Bh4 Nf4
15. Nxf4 Bxf4 16. Qb4 g5 17. Bf2 Bxf3 18. gxf3 Bg3 19. Kg2 Bxf2 20. Rxf2 Nf6
21. c4 Nh5 22. Rxe6+ fxe6 23. Bg6+ Kd7 24. Bxh5 Raf8 25. Re2 Rf6 26. d5 cxd5
27. cxd5 e5 28. Qa4+ Ke7 29. Rc2 Qd7 30. Qb4+ Rd6 31. Bg4 Qd8 32. Qxb7+ Kf6 33.
Rc7 Rf8 34. Rh7 e4 1-0

[Event "62.HEM 2008, Gruppe C"]
[Site "Hanau"]
[Date "2008.03.21"]
[Round "5.2"]
[White "Will, Jens"]
[Black "Fußnecker, Manfred"]
[Result "1-0"]
[WhiteElo "1964"]
[BlackElo "1989"]
[PlyCount "171"]
[EventDate "2008.??.??"]

1. Nf3 f5 2. e4 fxe4 3. Ng5 Nf6 4. d3 e3 5. Bxe3 d5 6. Be2 d4 7. Bf4 Qd5 8. O-O
Qf5 9. Bd2 Nc6 10. f4 Bd7 11. Na3 h6 12. Nf3 O-O-O 13. Nc4 Qh7 14. Nce5 g5 15.
Nxd7 Nxd7 16. fxg5 hxg5 17. Bxg5 Nde5 18. Bf4 Bg7 19. h3 Rdg8 20. Ng5 Qg6 21.
Bg4+ Kb8 22. Be6 Rf8 23. Qd2 Bh6 24. Bd5 Rxf4 25. Qxf4 Bxg5 26. Qf8+ Qe8 27.
Qxe8+ Rxe8 28. Rf5 Be3+ 29. Kh2 e6 30. Bxe6 Ng6 31. Bf7 Nge7 32. Bxe8 Nxf5 33.
Rf1 Nce7 34. g4 Nd6 35. Bf7 c6 36. h4 Bh6 37. g5 Bg7 38. h5 Kc7 39. h6 Be5+ 40.
Kh3 Nef5 41. Be6 Ne7 42. Kg4 Ng6 43. h7 Bg7 44. Kh5 Ne5 45. g6 Kd8 46. h8=Q+
Bxh8 47. Rf8+ Ke7 48. Rxh8 Nxg6 49. Kxg6 Kxe6 50. Rh2 a5 51. Re2+ Kd5 52. Kf6
c5 53. Re5+ Kc6 54. Ke6 a4 55. Rh5 Nb5 56. a3 Nc7+ 57. Ke5 Kb5 58. Rh7 Kc6 59.
Rh6+ Kb5 60. Rh8 Kc6 61. Rc8 Kb6 62. Kd6 Na6 63. Ra8 Kb5 64. Rxa6 bxa6 65. Kd5
Kb6 66. c3 dxc3 67. bxc3 Kb5 68. c4+ Kb6 69. Kd6 Ka5 70. Ke6 Kb6 71. Kd5 Ka5
72. d4 cxd4 73. Kxd4 Kb6 74. Kd5 Kc7 75. Kc5 Kb7 76. Kb4 Kc6 77. Kxa4 Kc5 78.
Kb3 Kc6 79. Kb4 Kb6 80. c5+ Kc6 81. Kc4 Kc7 82. Kd5 Kd7 83. c6+ Kc7 84. Kc5 a5
85. a4 Kc8 86. Kb6 1-0

[Event "62.HEM 2008, Gruppe C"]
[Site "Hanau"]
[Date "2008.03.21"]
[Round "5.4"]
[White "Schoesser, Manfred"]
[Black "Beck, Manfred"]
[Result "1/2-1/2"]
[WhiteElo "1772"]
[BlackElo "1895"]
[PlyCount "21"]
[EventDate "2008.??.??"]

1. e4 c5 2. d4 cxd4 3. c3 d5 4. exd5 Qxd5 5. cxd4 e5 6. Nc3 Bb4 7. Nf3 Bg4 8.
Be2 exd4 9. Nxd4 Bxe2 10. Qxe2+ Ne7 11. Be3 1/2-1/2

[Event "62.HEM 2008, Gruppe C"]
[Site "Hanau"]
[Date "2008.03.21"]
[Round "5.5"]
[White "Schnegelsberg, Karl-Heinz"]
[Black "Powalla, Klaus"]
[Result "1-0"]
[WhiteElo "2044"]
[BlackElo "1931"]
[PlyCount "135"]
[EventDate "2008.??.??"]

1. e4 Nf6 2. d3 Nc6 3. Nf3 d6 4. Nbd2 g6 5. g3 Bg7 6. Bg2 e5 7. O-O O-O 8. c3
Nh5 9. Nc4 Ne7 10. a4 Rb8 11. Be3 a6 12. a5 f5 13. exf5 Bxf5 14. Qb3 Kh8 15. d4
e4 16. Ng5 h6 17. Nh3 Nd5 18. f4 Qd7 19. Nf2 Be6 20. Qa4 Qxa4 21. Rxa4 Nxe3 22.
Nxe3 d5 23. Raa1 Rbc8 24. b4 c6 25. Rfe1 Rc7 26. Bf1 Bc8 27. Be2 Nf6 28. Kg2
Ne8 29. Rf1 Nd6 30. Rae1 h5 31. Nfd1 Rcf7 32. Nc2 Rf5 33. Nde3 R5f7 34. Na1 Nb5
35. Bxb5 axb5 36. Nb3 Re8 37. Ra1 Bf8 38. Rf2 Bd6 39. Kf1 Kg7 40. Ke2 Ref8 41.
h4 Kf6 42. Rh2 Ke7 43. Nc5 Bxc5 44. bxc5 Re8 45. Nc2 Ke6 46. Nb4 Rc7 47. Ke3
Kf5 48. Rg1 Bd7 49. Ra2 Ra8 50. Kf2 Rcc8 51. Nc2 Kf6 52. Rga1 Ra7 53. a6 Bf5
54. axb7 Rxb7 55. Nb4 Bd7 56. Ra6 Kf5 57. R1a5 Ke6 58. Nc2 Kf6 59. Ne3 Rcb8 60.
Nxd5+ Ke6 61. Nb4 Rc8 62. d5+ Ke7 63. dxc6 Bxc6 64. Nxc6+ Kf7 65. Ne5+ Ke8 66.
Re6+ Kd8 67. c6 Re7 68. Rxg6 1-0

[Event "62.HEM 2008, Gruppe C"]
[Site "Hanau"]
[Date "2008.03.21"]
[Round "5.6"]
[White "Schmitt, Carsten"]
[Black "Fischer, Arthur"]
[Result "1/2-1/2"]
[WhiteElo "1821"]
[BlackElo "2013"]
[PlyCount "91"]
[EventDate "2008.??.??"]

1. e4 e6 2. b3 d5 3. Bb2 Nf6 4. exd5 exd5 5. Nf3 Bd6 6. Qe2+ Be6 7. Ng5 Qe7 8.
Nxe6 fxe6 9. Nc3 c6 10. d4 Nbd7 11. g3 e5 12. dxe5 Bxe5 13. f4 Bxc3+ 14. Bxc3
Ne4 15. Bb2 O-O 16. O-O-O Rfe8 17. Qf3 Qc5 18. Kb1 a5 19. Bh3 Ndf6 20. g4 Qf2
21. Qd3 Qh4 22. Rdf1 Nf2 23. Bxf6 gxf6 24. Rxf2 Qxf2 25. g5 Re1+ 26. Rxe1 Qxe1+
27. Kb2 a4 28. a3 axb3 29. gxf6 Qe4 30. Qxb3 Qxf4 31. Be6+ Kf8 32. Qc3 Qd6 33.
Qh3 Qe5+ 34. c3 Qxf6 35. Qg4 Ke7 36. Bf5 h6 37. Qb4+ Qd6 38. Qxb7+ Kf6 39. Qxa8
Kxf5 40. Qc8+ Ke4 41. Qg4+ Kd3 42. Qf3+ Kd2 43. Qf2+ Kd1 44. Qf1+ Kd2 45. Qf2+
Kd1 46. Qf1+ 1/2-1/2

[Event "62.HEM 2008, Gruppe C"]
[Site "Hanau"]
[Date "2008.03.21"]
[Round "5.7"]
[White "Gutacker, Stephan"]
[Black "Guenzler, Richard"]
[Result "1-0"]
[WhiteElo "1985"]
[BlackElo "1851"]
[PlyCount "83"]
[EventDate "2008.??.??"]

1. e4 c5 2. c3 e6 3. d4 Nf6 4. Bd3 Nc6 5. Nf3 Qb6 6. Bc2 d5 7. e5 Nd7 8. O-O
Be7 9. Re1 O-O 10. b3 cxd4 11. cxd4 f6 12. exf6 Nxf6 13. Bb2 Nb4 14. Nc3 Nxc2
15. Qxc2 Bd7 16. Ne5 Be8 17. Qd3 Bd6 18. h3 Nd7 19. Nf3 Bf4 20. Qe2 Rf6 21. Na4
Qd8 22. Nc5 Nxc5 23. dxc5 Rg6 24. g3 Bc7 25. Kg2 Bc6 26. Bd4 Qe7 27. b4 a6 28.
a4 Qd7 29. Nh4 Rh6 30. b5 axb5 31. axb5 Rxa1 32. Rxa1 Bxb5 33. Ra8+ Bd8 34. Qg4
e5 35. Qxd7 Bxd7 36. Rxd8+ Kf7 37. Be3 Ke7 38. Bg5+ Rf6 39. Bxf6+ gxf6 40. Rh8
e4 41. Rxh7+ Ke6 42. g4 1-0

[Event "62.HEM 2008, Gruppe C"]
[Site "Hanau"]
[Date "2008.03.21"]
[Round "5.8"]
[White "Larem, Peter"]
[Black "Juhnke, Peter"]
[Result "1-0"]
[WhiteElo "1951"]
[BlackElo "1917"]
[PlyCount "73"]
[EventDate "2008.??.??"]

1. e4 d5 2. exd5 Nf6 3. d4 Nxd5 4. Nf3 Bg4 5. Be2 Nb6 6. O-O e6 7. Bf4 Be7 8.
Nc3 c6 9. Qd2 N8d7 10. Rfe1 Nf6 11. Rad1 O-O 12. Ne5 Bxe2 13. Qxe2 Nbd5 14.
Nxd5 Nxd5 15. Bc1 Bd6 16. c4 Nc7 17. Qg4 f5 18. Qh5 f4 19. Re4 Rf5 20. Qg4 h5
21. Qf3 Qf6 22. Rxf4 Bxe5 23. dxe5 Qxe5 24. Rxf5 exf5 25. Bf4 Qe7 26. Bxc7 Qxc7
27. Qxf5 Re8 28. Qxh5 Qe7 29. Kf1 Qe4 30. b3 g6 31. Qf3 Qc2 32. Rd7 Qb1+ 33.
Qd1 Qxa2 34. Rxb7 Rf8 35. Qe1 Qb2 36. Qe6+ Kh8 37. Qh3+ 1-0

[Event "62.HEM 2008, Gruppe C"]
[Site "Hanau"]
[Date "2008.03.21"]
[Round "5.9"]
[White "Raab, Hendrik"]
[Black "Storkebaum, Ulrike"]
[Result "1/2-1/2"]
[WhiteElo "1731"]
[BlackElo "1951"]
[PlyCount "61"]
[EventDate "2008.??.??"]

1. d4 Nf6 2. Nf3 g6 3. c4 Bg7 4. Nc3 O-O 5. g3 d6 6. Bg2 Nbd7 7. O-O e5 8. e4
exd4 9. Nxd4 Ne5 10. b3 a6 11. Bb2 Rb8 12. Rb1 Bd7 13. Re1 Bg4 14. f3 c5 15.
Nc2 Be6 16. a4 h5 17. Ne3 Ne8 18. Ncd5 Nc6 19. Bxg7 Nxg7 20. Nf4 b5 21. axb5
axb5 22. Nxe6 Nxe6 23. f4 Ncd4 24. b4 Nc7 25. Qd3 bxc4 26. Qxc4 Qe7 27. bxc5
dxc5 28. Kh1 Rfc8 29. Rec1 Ncb5 30. Nc2 Nd6 31. Qc3 1/2-1/2

[Event "62.HEM 2008, Gruppe C"]
[Site "Hanau"]
[Date "2008.03.21"]
[Round "5.10"]
[White "Iwanziw, Niklas"]
[Black "Rompel, Michael"]
[Result "1-0"]
[WhiteElo "1820"]
[BlackElo "1981"]
[PlyCount "53"]
[EventDate "2008.??.??"]

1. d4 d5 2. Nf3 e6 3. c4 c6 4. g3 Bd6 5. Qc2 f5 6. b3 Qe7 7. Bb2 Nf6 8. Nbd2
O-O 9. Bg2 Nbd7 10. O-O Ne4 11. Ne5 Ndf6 12. f3 Nxd2 13. Qxd2 Bd7 14. Rfe1 Be8
15. e4 fxe4 16. fxe4 dxe4 17. Qe3 Rd8 18. Bxe4 Bxe5 19. dxe5 Ng4 20. Qxa7 Rd2
21. Ba3 Qg5 22. Bxf8 Rxh2 23. Qc5 Qd2 24. Bxg7 Kxg7 25. Rad1 Qc3 26. Qe7+ Kh6
27. Qxe6+ 1-0

[Event "62.HEM 2008, Gruppe C"]
[Site "Hanau"]
[Date "2008.03.21"]
[Round "5.11"]
[White "Förster, Rudi"]
[Black "Scholz, Uwe"]
[Result "0-1"]
[WhiteElo "1914"]
[BlackElo "2072"]
[PlyCount "42"]
[EventDate "2008.??.??"]

1. e4 d5 2. exd5 Qxd5 3. Nc3 Qd6 4. d4 Nf6 5. Bc4 a6 6. Nge2 Bf5 7. O-O e6 8.
Ng3 Bg6 9. Re1 Be7 10. Nce4 Nxe4 11. Nxe4 Qd7 12. Ng5 Bxg5 13. Bxg5 O-O 14. d5
exd5 15. Re7 Qd6 16. Qxd5 Qb6 17. Rae1 Nc6 18. Be3 Nxe7 19. Qe5 Qd6 20. Bc5
Qxe5 21. Rxe5 Nc6 0-1

[Event "62.HEM 2008, Gruppe C"]
[Site "Hanau"]
[Date "2008.03.21"]
[Round "5.12"]
[White "Radtke, Thoralf"]
[Black "Ewin, Hans-Peter"]
[Result "1-0"]
[WhiteElo "2005"]
[BlackElo "1920"]
[PlyCount "55"]
[EventDate "2008.??.??"]

1. f4 e5 2. fxe5 d6 3. exd6 Bxd6 4. Nf3 Bg4 5. g3 h5 6. d4 h4 7. Bg5 f6 8. Bxh4
Bxf3 9. exf3 g5 10. Bxg5 Qe7+ 11. Kf2 fxg5 12. Bb5+ Kf8 13. Nc3 c6 14. Bc4 Nf6
15. Qd3 Kg7 16. Rae1 Qc7 17. Qf5 Rh5 18. g4 Rh6 19. Qxg5+ Rg6 20. Qf5 Nxg4+ 21.
Ke2 Nh6 22. Qh5 Nd7 23. Rhg1 Nf8 24. Rxg6+ Nxg6 25. Rg1 Qe7+ 26. Kd1 Qf6 27.
Bd3 Ng4 28. Qxg4 1-0

[Event "62.HEM 2008, Gruppe C"]
[Site "Hanau"]
[Date "2008.03.21"]
[Round "5.13"]
[White "Ostermeier, Thorsten"]
[Black "Ritscher, Georg"]
[Result "1/2-1/2"]
[WhiteElo "1949"]
[BlackElo "1993"]
[PlyCount "34"]
[EventDate "2008.??.??"]

1. d4 d5 2. Nf3 Nf6 3. e3 e6 4. Bd3 Be7 5. Nbd2 O-O 6. O-O Nbd7 7. Qe2 c5 8. c3
b6 9. e4 dxe4 10. Nxe4 Bb7 11. Nxf6+ Bxf6 12. dxc5 Nxc5 13. Bc2 Ba6 14. c4 Qc7
15. Rb1 Rfd8 16. Be3 Nd7 17. b3 Bb7 1/2-1/2

[Event "62.HEM 2008, Gruppe C"]
[Site "Hanau"]
[Date "2008.03.21"]
[Round "5.14"]
[White "Froehlich-Dill, Astrid"]
[Black "Meier, Lars"]
[Result "1-0"]
[WhiteElo "1991"]
[BlackElo "1864"]
[PlyCount "81"]
[EventDate "2008.??.??"]

1. d4 c5 2. d5 e6 3. c4 Nf6 4. Nc3 d6 5. e4 Be7 6. Nf3 exd5 7. cxd5 a6 8. a4
Bg4 9. Be2 Nbd7 10. O-O O-O 11. h3 Bh5 12. Bf4 Re8 13. Qc2 Bf8 14. Rfe1 Rc8 15.
a5 Bxf3 16. Bxf3 Ne5 17. Be2 Ng6 18. Bg3 Nd7 19. f4 Qf6 20. Bg4 Rcd8 21. e5
Ndxe5 22. Ne4 Qe7 23. fxe5 Nxe5 24. Bxe5 Qxe5 25. Bf3 Qd4+ 26. Kh1 Qb4 27. Qc3
Qxc3 28. bxc3 Re5 29. Nd2 g6 30. Rxe5 dxe5 31. Rb1 Rd7 32. Ne4 Kg7 33. d6 Bxd6
34. Nxd6 Rxd6 35. Rxb7 e4 36. Bxe4 Rd1+ 37. Kh2 Ra1 38. Bd5 Rxa5 39. Rxf7+ Kh6
40. c4 Ra3 41. Rc7 1-0

[Event "62.HEM 2008, Gruppe C"]
[Site "Hanau"]
[Date "2008.03.21"]
[Round "5.15"]
[White "Walda, Michael"]
[Black "Genis, Roy"]
[Result "0-1"]
[WhiteElo "1973"]
[BlackElo "1917"]
[PlyCount "64"]
[EventDate "2008.??.??"]

1. e4 e5 2. f4 d5 3. d4 exf4 4. Bxf4 dxe4 5. Bc4 Nf6 6. Ne2 Bg4 7. O-O Bd6 8.
Bg5 Be7 9. Nbc3 Nbd7 10. Qd2 O-O 11. Ng3 Nb6 12. Bb3 c5 13. Rf4 e3 14. Qxe3
cxd4 15. Qf2 dxc3 16. Bxf6 Bxf6 17. Rxg4 cxb2 18. Rf1 Nd7 19. Nh5 Kh8 20. Qg3
g6 21. Nf4 Ne5 22. h4 Nxg4 23. Qxg4 Qd4+ 24. Kh1 Kg8 25. h5 g5 26. g3 Kh8 27.
Kg2 gxf4 28. Rxf4 Qd2+ 29. Rf2 Qg5 30. Qd1 Be5 31. Rf3 Rad8 32. Qe1 Qd2+ 0-1

[Event "62.HEM 2008, Gruppe C"]
[Site "Hanau"]
[Date "2008.03.21"]
[Round "5.16"]
[White "Egenolf, Dirk"]
[Black "Bosse, Volkmar"]
[Result "1/2-1/2"]
[WhiteElo "1799"]
[BlackElo "1968"]
[PlyCount "55"]
[EventDate "2008.??.??"]

1. Nf3 Nf6 2. g3 g6 3. Bg2 Bg7 4. O-O O-O 5. d3 d6 6. e4 e5 7. Nbd2 Nc6 8. a4
a5 9. Nc4 Bg4 10. h3 Be6 11. Ne3 Qc8 12. Kh2 h6 13. c4 Ne8 14. Nd5 Qd7 15. Bd2
Ne7 16. Rb1 Ra6 17. b4 axb4 18. Rxb4 c5 19. Rb5 Bxd5 20. exd5 b6 21. a5 bxa5
22. Rxa5 Rxa5 23. Bxa5 Qa7 24. Qd2 Nf6 25. Ng1 Nf5 26. Ne2 Ra8 27. Bc3 Qc7 28.
Rb1 1/2-1/2

[Event "62.HEM 2008, Gruppe C"]
[Site "Hanau"]
[Date "2008.03.21"]
[Round "5.17"]
[White "Neumann, Uwe"]
[Black "Wolff, Michael"]
[Result "1/2-1/2"]
[WhiteElo "1716"]
[BlackElo "1953"]
[PlyCount "69"]
[EventDate "2008.??.??"]

1. d4 Nf6 2. c4 c5 3. d5 b5 4. cxb5 a6 5. bxa6 g6 6. Nc3 Bxa6 7. e4 Bxf1 8.
Kxf1 d6 9. Nge2 Bg7 10. Bd2 Nbd7 11. g3 O-O 12. Kg2 Qa5 13. Qc2 Rfb8 14. Rab1
Qa6 15. a4 Ne5 16. b3 Rc8 17. f4 Nd3 18. Nb5 c4 19. Nec3 Nb4 20. Qd1 cxb3 21.
Qxb3 Nd3 22. Be3 Nd7 23. Bd4 Bxd4 24. Nxd4 Qc4 25. Ncb5 Qxb3 26. Rxb3 N3c5 27.
Ra3 Rxa4 28. Rxa4 Nxa4 29. Nc6 Kf8 30. Ra1 Nac5 31. Nba7 Re8 32. Kf3 Nf6 33. e5
Nxd5 34. Rd1 Nc7 35. exd6 1/2-1/2

[Event "62.HEM 2008, Gruppe C"]
[Site "Hanau"]
[Date "2008.03.21"]
[Round "5.18"]
[White "Geringer, Waldemar"]
[Black "Becker, Jonas"]
[Result "1-0"]
[WhiteElo "1891"]
[BlackElo "1922"]
[PlyCount "113"]
[EventDate "2008.??.??"]

1. d4 d5 2. Nf3 Nf6 3. c4 c6 4. g3 e6 5. Bg2 Bd6 6. O-O O-O 7. Qc2 Nbd7 8. Rd1
b6 9. b3 Bb7 10. Nc3 Rc8 11. e4 dxe4 12. Nxe4 Nxe4 13. Qxe4 Nf6 14. Qe2 Qe7 15.
Bb2 c5 16. dxc5 Bxc5 17. Bxf6 Qxf6 18. Ne5 Bxg2 19. Kxg2 Rfd8 20. Rxd8+ Rxd8
21. f4 Bb4 22. Rd1 Rxd1 23. Qxd1 a5 24. Qd7 g6 25. Qe8+ Kg7 26. Qc6 Bc5 27. Qe4
Qf5 28. Qxf5 gxf5 29. Kf3 f6 30. Nd7 Bd4 31. a3 Kf7 32. b4 axb4 33. axb4 Ke7
34. Nb8 Kd6 35. g4 fxg4+ 36. Kxg4 e5 37. fxe5+ fxe5 38. Kf5 Bc3 39. Na6 Kc6 40.
b5+ Kd6 41. h4 h5 42. Kg5 Ke6 43. c5 bxc5 44. b6 e4 45. Nxc5+ Kd5 46. Nxe4 Kxe4
47. Kxh5 Bd4 48. b7 Be5 49. Kg6 Kd5 50. h5 Kc6 51. Kf5 Bd6 52. h6 Kxb7 53. h7
Kc6 54. h8=Q Kd5 55. Qd8 Kc5 56. Ke4 Bg3 57. Qg5+ 1-0

[Event "62.HEM 2008, Gruppe C"]
[Site "Hanau"]
[Date "2008.03.21"]
[Round "5.19"]
[White "Smits, Oswald"]
[Black "Enders, Georg"]
[Result "0-1"]
[WhiteElo "1921"]
[BlackElo "2042"]
[PlyCount "94"]
[EventDate "2008.??.??"]

1. d4 Nf6 2. Nf3 g6 3. Nbd2 d5 4. b3 Bg7 5. Bb2 O-O 6. e3 Bg4 7. h3 Bf5 8. Nh4
Be6 9. Bd3 Qc8 10. c4 c6 11. Rc1 Na6 12. cxd5 Nb4 13. Bb1 Nbxd5 14. Qe2 Qd8 15.
Nhf3 Rc8 16. Ng5 Bd7 17. Ngf3 Rc7 18. Ne5 Be6 19. Ndf3 h6 20. a3 Qc8 21. Nd3
Nb6 22. Nd2 Nh5 23. g4 Nf6 24. Nf4 Bd7 25. f3 c5 26. O-O Nfd5 27. Nxd5 Nxd5 28.
Ne4 cxd4 29. Rxc7 Qxc7 30. exd4 Qb6 31. Rd1 e5 32. Nc5 Bb5 33. Qd2 Nf4 34. a4
Bc6 35. a5 Qb5 36. Be4 Bxe4 37. fxe4 Ne2+ 38. Kg2 exd4 39. b4 Nc3 40. Re1 Qxb4
41. Nd3 Qxa5 42. Ra1 Qb6 43. Re1 Re8 44. e5 Qc6+ 45. Kg1 Qf3 46. Kh2 Ne4 47.
Rg1 Nxd2 0-1

[Event "62.HEM 2008, Gruppe C"]
[Site "Hanau"]
[Date "2008.03.21"]
[Round "5.20"]
[White "Draxler, Gottfried"]
[Black "Overbeck, Christopher"]
[Result "0-1"]
[WhiteElo "1846"]
[BlackElo "1816"]
[PlyCount "130"]
[EventDate "2008.??.??"]

1. d4 Nf6 2. c4 g6 3. Nc3 d5 4. e3 Bg7 5. Nf3 O-O 6. Bd3 c5 7. cxd5 cxd4 8.
Nxd4 Nxd5 9. Nxd5 Qxd5 10. Nf3 Rd8 11. Be2 Qa5+ 12. Bd2 Qb6 13. Qb3 Qxb3 14.
axb3 Bxb2 15. Ra2 Bf6 16. O-O Nc6 17. Rc1 Be6 18. Bc4 Rd6 19. Bxe6 Rxe6 20. Bc3
Bxc3 21. Rxc3 Rd6 22. Kf1 f6 23. Ke2 Kf7 24. Nd2 Nb4 25. Ra4 Rc6 26. Rxc6 Nxc6
27. Ne4 Rc8 28. Rc4 Ke8 29. Kd2 b6 30. Nc3 Kd7 31. Ra4 a5 32. Rc4 Nb4 33. Rd4+
Ke8 34. h4 Rd8 35. Rxd8+ Kxd8 36. Na4 Kc7 37. Kc3 Kc6 38. Kd4 Nc2+ 39. Kc3 Nb4
40. Kd2 b5 41. Nc3 Nd5 42. Ne2 Kc5 43. e4 Nc7 44. Kc3 e5 45. g3 Ne6 46. f4 b4+
47. Kd3 Kb5 48. Ke3 Nc5 49. Nc1 a4 50. bxa4+ Kxa4 51. f5 Ka3 52. g4 Kb2 53.
fxg6 hxg6 54. h5 Ne6 55. Nd3+ Kc3 56. h6 Ng5 57. Nc5 b3 58. Na4+ Kc2 59. Nb6 b2
60. Nc4 b1=Q 61. Na3+ Kb2 62. Nxb1 Kxb1 63. Kd3 Kc1 64. Kc4 Kd2 65. Kd5 Ke3 0-1

[Event "62.HEM 2008, Gruppe C"]
[Site "Hanau"]
[Date "2008.03.21"]
[Round "5.21"]
[White "Weber, Andreas"]
[Black "Warnk, Torsten"]
[Result "1-0"]
[WhiteElo "1813"]
[BlackElo "2063"]
[PlyCount "77"]
[EventDate "2008.??.??"]

1. e4 e6 2. d4 d5 3. Nc3 Bb4 4. a3 Ba5 5. b4 Bb6 6. e5 a6 7. Nf3 Ne7 8. Bd3 O-O
9. O-O Nf5 10. Ne2 Nc6 11. c3 f6 12. exf6 Qxf6 13. Bg5 Qf7 14. Bf4 h6 15. Be5
Qe7 16. Bc2 Nh4 17. Qd3 Nxf3+ 18. gxf3 Nxe5 19. Qh7+ Kf7 20. dxe5 Qg5+ 21. Kh1
Qxe5 22. Qg6+ Ke7 23. Qd3 c6 24. Rae1 Qh5 25. f4 Bc7 26. Ng3 Qf7 27. f5 e5 28.
f4 e4 29. Nxe4 Bxf5 30. Ng3+ Be6 31. f5 Bxg3 32. Qxg3 Kd8 33. Rxe6 Qxe6 34.
fxe6 Rxf1+ 35. Kg2 Rf6 36. Qd6+ Ke8 37. Qd7+ Kf8 38. e7+ Kg8 39. e8=Q+ 1-0

[Event "62.HEM 2008, Gruppe C"]
[Site "Hanau"]
[Date "2008.03.21"]
[Round "5.22"]
[White "Gertz, Berthold"]
[Black "Zimmerer, David"]
[Result "1-0"]
[WhiteElo "1949"]
[BlackElo "1808"]
[PlyCount "61"]
[EventDate "2008.??.??"]

1. d4 Nf6 2. c4 e6 3. Nc3 Bb4 4. Qc2 b6 5. e4 c5 6. d5 exd5 7. cxd5 d6 8. Bb5+
Nbd7 9. Nf3 a6 10. Bc6 Rb8 11. O-O Bxc3 12. bxc3 O-O 13. Bg5 h6 14. Bh4 Qe7 15.
Rfe1 Ne5 16. Nxe5 Qxe5 17. Bg3 Qe7 18. e5 Nd7 19. exd6 Qd8 20. Re7 Nf6 21. Rae1
Bd7 22. Be5 Bxc6 23. dxc6 Rc8 24. c7 Rxc7 25. Rxc7 Re8 26. f4 Nd5 27. Qd1 Nxc7
28. dxc7 Qc8 29. Bd6 Re6 30. Rxe6 Qxe6 31. Be5 1-0

[Event "62.HEM 2008, Gruppe C"]
[Site "Hanau"]
[Date "2008.03.21"]
[Round "5.23"]
[White "Haftmann, Rainer"]
[Black "Rausch, Wolfgang"]
[Result "1/2-1/2"]
[WhiteElo "1859"]
[BlackElo "1800"]
[PlyCount "82"]
[EventDate "2008.??.??"]

1. e4 Nf6 2. e5 Nd5 3. d4 d6 4. Nf3 Bg4 5. Be2 e6 6. c4 Nb6 7. exd6 cxd6 8. O-O
Be7 9. Be3 O-O 10. Nc3 Nc6 11. b3 Bf6 12. Rc1 d5 13. c5 Nc8 14. b4 Nxb4 15. Rb1
Qa5 16. Qb3 Nc6 17. Qxb7 N8e7 18. Qb2 Bxf3 19. Bxf3 Nxd4 20. Rfc1 Nxf3+ 21.
gxf3 d4 22. Ne4 dxe3 23. Nxf6+ gxf6 24. fxe3 e5 25. c6 Rac8 26. f4 Nxc6 27.
Rxc6 Rxc6 28. Qg2+ Kh8 29. Qxc6 Qd8 30. Rf1 Rg8+ 31. Kh1 Rg6 32. fxe5 fxe5 33.
Qb7 f6 34. e4 Qd3 35. Qc8+ Kg7 36. Qf5 Qe2 37. Qd7+ Kh6 38. Qh3+ Qh5 39. Qe3+
Qg5 40. Qh3+ Kg7 41. Qd7+ Kh8 1/2-1/2

[Event "62.HEM 2008, Gruppe C"]
[Site "Hanau"]
[Date "2008.03.21"]
[Round "5.24"]
[White "Reichel, Rolf"]
[Black "Krzesinski, Paul"]
[Result "0-1"]
[WhiteElo "1748"]
[BlackElo "1829"]
[PlyCount "52"]
[EventDate "2008.??.??"]

1. e4 e5 2. Nf3 Nc6 3. Bc4 Nf6 4. Ng5 d5 5. exd5 Na5 6. Be2 h6 7. Nf3 e4 8. Ne5
Qxd5 9. d4 exd3 10. Nxd3 Qxg2 11. Bf3 Qh3 12. Bf4 c6 13. Bc7 Nc4 14. Nc5 Be7
15. b3 O-O 16. Nd3 Nb6 17. Nf4 Bb4+ 18. c3 Re8+ 19. Kd2 Qd7+ 20. Nd3 Qxc7 21.
cxb4 Bf5 22. Kc2 Rad8 23. Be2 Rxe2+ 24. Qxe2 Bxd3+ 25. Qxd3 Rxd3 26. Kxd3 Qd6+
0-1

[Event "62.HEM 2008, Gruppe C"]
[Site "Hanau"]
[Date "2008.03.21"]
[Round "5.25"]
[White "Wiest, Kurt"]
[Black "Johne, Siegfried"]
[Result "1-0"]
[WhiteElo "1792"]
[BlackElo "2023"]
[PlyCount "59"]
[EventDate "2008.??.??"]

1. e4 c5 2. c3 Nf6 3. e5 Nd5 4. d4 cxd4 5. Qxd4 Nc7 6. Bc4 Nc6 7. Qe4 e6 8. Nf3
d5 9. exd6 Bxd6 10. Bf4 Bxf4 11. Qxf4 O-O 12. O-O Nd5 13. Qg3 Qb6 14. Bb3 a5
15. Nbd2 a4 16. Bc2 Qxb2 17. Bxh7+ Kxh7 18. Ng5+ Kg8 19. Qh4 Rd8 20. Qh7+ Kf8
21. Qh8+ Ke7 22. Qxg7 Rf8 23. Nh7 Re8 24. Ne4 b6 25. Qg5+ f6 26. Nhxf6 Nxf6 27.
Nxf6 Rd8 28. Rab1 Qxa2 29. Nd5+ Kd6 30. Nb4 1-0